| 000 | 00549cam a22002171 4500 | ||
|---|---|---|---|
| 001 | sa 63004335 | ||
| 003 | DLC | ||
| 005 | 20260227111948.0 | ||
| 008 | 881028s1963 xx 000 0 beno | ||
| 010 | _asa 63004335 | ||
| 035 | _a(OCoLC)23571772 | ||
| 040 |
_aDLC _cMiU _dDLC |
||
| 042 | _apremarc | ||
| 050 | 0 | 0 |
_aPK1718.T24 _bZ5638 |
| 100 | 1 | _aBose, Buddhadeva. | |
| 245 | 1 | 0 | _aSaṅga-niḥsaṅgatā; Rabīndranātha. |
| 260 | _c[1963] | ||
| 300 |
_a228 p. _c23 cm. |
||
| 500 | _aRomanized. | ||
| 600 | 1 | 0 |
_aTagore, Rabindranath, _d1861-1941 |
| 999 |
_c55596 _d55596 |
||